000
00210 a2200097 4500
001
36312
100
_a
Spector, L.S
245
_a
Nuclear ambitions
260
_a
Karachi
_b
Farda Pb Co
_c
090
_c
23543
_d
23543
942
_a
NUST-CAE
_c
M
_c
15051
999
_c
271385
_d
271385